000 00801nam a2200217Ia 4500
003 GCL
008 140319s9999 xx 000 0 ara d
040 _aGCL /
_cGCL
082 0 4 _a189.09
_bع م
100 1 _aعلى سامى النشار
245 1 0 _aمناهج البحث عند مفكرى الاسلام : واكتشاف المنهج العلمى فى العالم الاسلامى /
_cعلى سامى النشار
300 _a381 ص
490 _a
650 0 4 _aالفلسفة الاسلامية
650 0 4 _aطرق البحث
650 0 4 _aالحركات الفكرية عند المسلمين
650 0 4 _aالفلاسفة المسلمون
650 0 4 _aالفلسفة الاسلامية - طرق البحث
650 0 4 _aالمنطق الارسططاليسى
942 _2ddc
_cBK
999 _c39051
_d39051